[Event "86th Tata Steel Masters 2024"]
[Site "Wijk aan Zee"]
[Date "2024.01.21"]
[Round "8.6"]
[White "Firouzja, Alireza"]
[Black "Ding, Liren"]
[Result "1-0"]
[WhiteElo "2759"]
[BlackElo "2780"]
[Annotator "GM Rafael Leitão"]
[PlyCount "85"]
[EventDate "2024.??.??"]
[TimeControl "40/6000+30:3000+30"]

{[%evp 0,85,27,27,30,-16,-17,-11,-5,-16,46,40,13,16,48,19,18,14,30,-38,-80,-58,
-28,-43,-43,-23,-11,-62,-48,-82,-59,-69,26,-40,-7,-3,21,-1,232,208,191,191,223,
193,225,234,260,223,219,220,220,237,237,237,247,229,254,228,266,279,252,276,
270,238,277,270,276,272,279,349,293,321,342,346,337,351,356,343,359,375,375,
370,370,364,364,360,359,362]} 1. d4 Nf6 2. c4 e6 3. Nf3 d5 4. Nc3 c5 5. e3 Nc6
6. a3 {Esta linha proporcionou uma vitória importante para Ding, com as
peças brancas, contra Nakamura no Torneio de Candidatos.} dxc4 7. Bxc4 a6 8.
Ba2 {Um recuo raro.} (8. Bd3 b5 9. dxc5 Bxc5 10. b4 Be7 11. O-O Bb7 12. Bb2 O-O
13. Ne4 Nxe4 14. Bxe4 f5 15. Bb1 Qxd1 16. Rxd1 Rfd8 {com um final igual em
Ding-Nakamura, Torneio de Candidatos, Madrid 2022.}) (8. O-O {é o lance mais
popular.}) 8... b5 9. Qc2 $5 {[%c_effect c2;square;c2;type;Interesting;
persistent;true] Uma ideia nova. Firouzja já havia jogado isso antes, mas
aparentemente o campeão mundial não estava bem preparado para isso.} cxd4 (
9... Qb6 $6 {[%c_effect b6;square;b6;type;Inaccuracy;persistent;true] permite
o avanço do peão de d:} 10. d5 {com a iniciativa.}) (9... Bb7 $5 {[%c_effect
b7;square;b7;type;Interesting;persistent;true] é um sacrifício de peão
interessante:} 10. dxc5 Bxc5 11. Nxb5 Nd7 {com compensação pelo peão devido
ao bom desenvolvimento e ao poderoso bispo em b7.}) 10. exd4 (10. Nxb5 $4 {
[%c_effect b5;square;b5;type;Blunder;persistent;true] perde uma peça após}
Qa5+) 10... Bb7 (10... Nxd4 {é um lance crítico que leva a posições muito
complicadas e linhas de computador estranhas. É impossível fazer este lance
sem analisá-lo com a máquina.} 11. Nxd4 Qxd4 12. Nd5 $1 {[%c_effect d5;
square;d5;type;GreatFind;persistent;true]} Qe5+ $1 {[%c_effect e5;square;e5;
type;GreatFind;persistent;true] Uma novidade importante.} (12... Nxd5 $2 {
[%c_effect d5;square;d5;type;Mistake;persistent;true] é ruim:} 13. Qc6+ Ke7
14. Qxa8 Qe5+ 15. Kf1 {com vantagem para as Brancas em Firouzja-Nepomniachtchi,
St. Louis Rapid 2022.}) 13. Kf1 (13. Be3 {permite que as Negras capturem o
bispo em poucos lances.} Nxd5 14. Qc6+ Ke7 15. Qxa8 Nxe3 16. Qa7+ Kf6 17. Qxe3
Bd6 {com compensação pela qualidade.}) 13... exd5 (13... Nxd5 {também é
possível:} 14. Qc6+ Kd8 15. Qxa8 Bc5 16. Bxd5 exd5 17. Be3 $1 {[%c_effect e3;
square;e3;type;GreatFind;persistent;true]} Bxe3 18. fxe3 {com caos no
tabuleiro. Parece mais fácil jogar de Brancas.}) 14. Qc6+ Kd8 15. Bd2 $1 {
[%c_effect d2;square;d2;type;GreatFind;persistent;true] As complicações
continuam, mas pouparei o leitor das muitas variantes de difícil compreensão
que são apontadas pela máquina.} (15. Qxa8 $2 {[%c_effect a8;square;a8;type;
Mistake;persistent;true]} Bc5 {O computador indica uma vantagem decisiva para
as Negras. O rei branco está inseguro.})) ({RR} 10... Nxd4 11. Nxd4 Qxd4 12.
Nd5 Nxd5 13. Qc6+ Ke7 14. Qxa8 Qe5+ 15. Kf1 Qd4 16. Bg5+ Kd7 17. Bxd5 Qxd5 18.
Qxd5+ exd5 19. Rd1 Bb7 20. Be3 b4 21. axb4 Bxb4 22. Bd4 Rc8 23. h4 Rc2 24. Rh3
g6 25. Rf3 {Firouzja,A (2778)-Nepomniachtchi,I (2792) Saint Louis USA 2022 1/
2-1/2 (46)}) 11. d5 $1 {[%c_effect d5;square;d5; type;GreatFind;persistent;
true]} exd5 (11... Nxd5 {É difícil dizer qual captura é melhor. O problema
com esta é que o rei perde um defensor.} 12. Nxd5 exd5 13. O-O Be7 14. Bb1 $5
{[%c_effect b1;square;b1;type;Interesting; persistent;true] Um lance curioso
que evita o roque das Negras e mantém uma iniciativa perigosa na prática.})
12. Bg5 $146 {Um lance novo.} (12. O-O Be7 13. Rd1 Na5 14. Bg5 O-O {com
igualdade em Jumabayev-Narayanan, Wch Rapid Almaty 2022.}) ({RR} 12. O-O Be7
13. Rd1 Na5 14. Bg5 O-O 15. Qf5 Nc4 16. Rd4 Qc8 17. Qc2 Nd6 18. Re1 Nde4 19.
Qd3 Bc5 20. Bxf6 Nxf6 21. Rh4 Re8 22. Rc1 Qe6 23. Kf1 Qb6 24. Nd1 Ne4 25. Rc2
Qg6 {0-1 (25) Jumabayev,R (2609)-Narayanan,S (2669) Almaty KAZ 2022}) 12... Be7
13. Rd1 (13. Bxf6 {não é suficiente para uma vantagem:} Bxf6 14. Nxd5 O-O 15.
O-O Ne5 {com trocas em massa.} (15... Nd4 {também é bom.})) 13... d4 $6 {
[%c_effect d4;square;d4;type;Inaccuracy;persistent;true] Esse lance leva a uma
posição perigosa. As Negras desperdiçam tempo precioso e abrem a diagonal
do bispo perigoso em a2. A maneira correta de se defender envolve a manobra
Ca5-c4.} (13... Na5 $5 {[%c_effect a5;square;a5; type;Interesting;persistent;
true]} 14. Bxf6 Bxf6 15. Nxd5 O-O 16. O-O Nc4 (16... Rc8 {também é possível.
}) 17. Bxc4 bxc4 18. Qxc4 Bxb2 {O equilíbrio material é restaurado e as
Negras estão seguras.}) (13... O-O 14. O-O Na5 $1 {[%c_effect a5;square;a5;
type;GreatFind;persistent;true] com a ideia de Cc4.}) 14. O-O O-O 15. Rfe1 {
Todas as peças brancas estão em jogo e as Negras precisam encontrar um lance
quase impossível para minimizar o dano.} b4 {Pensei em colocar um sinal
duvidoso nesse lance, mas considerando a dificuldade do correto, achei que
seria injusto.} (15... h6 $2 {[%c_effect h6; square;h6;type;Mistake;persistent;
true] é um erro típico:} 16. Bxh6 $1 {[%c_effect h6;square;h6;type;GreatFind;
persistent;true]} gxh6 17. Qg6+ Kh8 18. Qxh6+ Nh7 19. Nd5 {com um ataque
decisivo. O bispo branco pode chegar a b1 e não há defensores suficientes
para o rei negro.}) (15... Qd6 $1 {[%c_effect d6;square;d6;type;GreatFind;
persistent;true] é o caminho correto, mas isso é muito difícil de encontrar,
para dizer o mínimo. As Brancas têm muitas continuações tentadoras, mas
nenhum lance decisivo. Uma possível variante é:} 16. Ne4 (16. Bxf6 Bxf6 17.
Ne4 Qf4 {e as Negras escapam.}) 16... Nxe4 17. Qxe4 Bf6 18. Bb1 g6 19. Qh4 Bg7
20. Ba2 {A iniciativa continua perigosa, mas as Negras podem defender com um
bom jogo.}) 16. Bb1 $6 {[%c_effect b1;square; b1;type;Inaccuracy;persistent;
true] Mais uma vez é difícil colocar um sinal duvidoso, mas desta vez é
necessário.} (16. Ne2 $1 {[%c_effect e2;square;e2; type;GreatFind;persistent;
true] é a melhor maneira: o cavalo pode capturar em d4 ou ir para g3.
Firouzja é um jogador muito agressivo e preferiu um sacrifício de qualidade
a recuar um cavalo.}) 16... g6 {A única maneira de defender.} 17. Rxe7 $1 {
[%c_effect e7;square;e7;type;GreatFind;persistent;true] Justificando o lance
anterior.} (17. axb4 Nxb4 18. Qe2 Re8 19. Rxd4 Qb6 {está igualado.}) (17. Ne2
Rc8 {também está ok para as Negras.}) 17... Nxe7 18. Rxd4 Qc7 $2 {[%c_effect
c7;square;c7;type;Mistake;persistent;true] Um erro grave que perde a partida
imediatamente. A dama não tem uma casa boa, mas algum cavalo deveria ir para
d5.} (18... Qb6 $2 {[%c_effect b6;square;b6;type; Mistake;persistent;true]
perde material depois de} 19. Rxb4 Qc6 20. Bxf6 Qxf6 21. Rxb7) (18... Qe8 $6 {
[%c_effect e8;square;e8;type;Inaccuracy;persistent; true] também é ruim:} 19.
axb4 $1 {[%c_effect b4;square;b4;type;GreatFind; persistent;true]} Ned5 20.
Nxd5 Nxd5 21. Bh6 {as Brancas recuperam a qualidade e mantêm a iniciativa.}) (
18... Ned5 {é um bom lance:} 19. Ne4 {Provavelmente o mais perigoso.} (19.
Nxd5 Bxd5 20. Bxf6 Qxf6 21. Rxd5 Rac8 {está claro que isso é bom para as
Negras, pois elas estão muito ativas.}) (19. axb4 Qb6 {as Brancas mantêm uma
boa compensação pela qualidade, mas não há mate à vista.}) 19... Qe7 $1 {
[%c_effect e7;square;e7;type;GreatFind; persistent;true] Outro lance muito
difícil. As Negras são salvas por um milagre. O ponto é que} 20. Rxd5 $2 {
[%c_effect d5;square;d5;type;Mistake; persistent;true] perde para} Qxe4) (18...
Nfd5 $1 {[%c_effect d5;square;d5; type;GreatFind;persistent;true] Esta é a
melhor defesa na prática.} 19. axb4 (19. Nxd5 Bxd5 {não é tão perigoso.})
19... Qb6 {ainda prefiro as Brancas, mas a posição é de dois gumes.} (19...
Qc7 {também é possível, mas é preciso encontrar um recurso inacreditável.}
20. Nxd5 Nxd5 21. Qd2 h6 $3 {[%c_effect h6;square;h6;type;Brilliant;persistent;
true] O único lance. O xadrez é difícil.} 22. Bxh6 (22. Bh4 Rac8 $1 {
[%c_effect c8;square;c8;type; GreatFind;persistent;true] Agora a casa c1 está
desprotegida.}) 22... Rfd8 {Parece que as Negras estão conseguindo se salvar
nisso.})) 19. Ne4 $1 {[%c_effect e4;square;e4;type;GreatFind;persistent;true]
Um golpe instantâneo que não foi percebido por Ding. As Negras perdem
material.} Qxc2 20. Nxf6+ Kg7 21. Bxc2 {As duas peças são muito mais fortes
que a torre, especialmente com um bispo de casas escuras tão devastador.} Rac8
22. Ng4 $1 {[%c_effect g4; square;g4;type;GreatFind;persistent;true]} Ng8 (
22... Rxc2 23. Bf6+ Kg8 24. Nh6#) 23. Bb3 bxa3 24. bxa3 Rc3 25. Rb4 {O resto
da partida é fácil para Firouzja.} Bxf3 26. gxf3 Rxf3 27. Ne3 {A torre está
presa.} h6 28. Bd1 (28. Bf4 {também ganha facilmente.}) 28... Rxf2 29. Bxh6+
$1 {[%c_effect h6;square; h6;type;GreatFind;persistent;true]} Nxh6 30. Kxf2 Rd8
31. Ke2 Rd6 32. Bb3 Rf6 33. a4 Rc6 34. Bc4 f5 35. Rb7+ Kf6 36. Rh7 $1 {
[%c_effect h7;square;h7;type; GreatFind;persistent;true]} Ng4 37. Nxg4+ fxg4
38. Bd3 Rb6 39. Ra7 Rb2+ 40. Ke3 Rxh2 41. Rxa6+ Ke5 42. Ra5+ Kf6 43. Kf4 {
Precisão Chess.Com: Brancas 95.8% Pretas 91.3%} 1-0

[Event "86th Tata Steel Masters 2024"]
[Site "Wijk aan Zee"]
[Date "2024.01.23"]
[Round "9.7"]
[White "Praggnanandhaa R"]
[Black "Ju, Wenjun"]
[Result "1-0"]
[WhiteElo "2743"]
[BlackElo "2549"]
[Annotator "GM Rafael Leitão"]
[PlyCount "65"]
[EventDate "2024.??.??"]
[TimeControl "40/6000+30:3000+30"]

{[%evp 0,65,19,11,11,5,11,11,17,-14,-14,-21,-18,-21,-21,-5,-6,-49,-49,-41,42,
10,5,-39,32,21,22,14,29,8,6,9,31,-7,-4,7,38,30,77,60,56,40,69,36,71,61,84,65,
100,83,90,55,148,170,199,228,238,345,341,349,349,359,374,286,466,441,739,739]} 
1. e4 e5 2. Nf3 Nc6 3. Bc4 Nf6 4. Ng5 {De vez em quando, jogadores de Brancas
apimentam as coisas com esse lance antigo e perigoso do cavalo, tornando a
partida muito mais divertida do que as posições mais lentas após 4.d3.} d5
5. exd5 Na5 {Este lance é mais ou menos automático em partidas clássicas de
elite, mas se você está procurando diversão em suas partidas de blitz,
você pode querer investigar os lances 5...b5 ou 5...Cd4.} (5... Nxd5 $6 {
[%c_effect d5;square;d5;type;Inaccuracy;persistent;true] Isto é perigoso e
muito conhecido.}) (5... b5 $5 {[%c_effect b5;square;b5;type;Interesting;
persistent;true]}) (5... Nd4 $5 {[%c_effect d4;square;d4;type;Interesting;
persistent;true]} 6. c3 b5 (6... h6)) 6. Bb5+ c6 (6... Bd7 $5 {[%c_effect d7;
square;d7;type;Interesting;persistent;true] também é interessante,
principalmente porque pode pegar seu oponente de surpresa.} 7. Qe2 Be7 {
com compensação em uma posição ainda altamente teórica.} (7... Bd6)) 7.
dxc6 bxc6 8. Bd3 Nd5 (8... Ng4 $5 {[%c_effect g4;square;g4;type;Interesting;
persistent;true] também é possível e já joguei esse lance em muitas
partidas online que normalmente perco, mas a culpa não é do pobre cavalo,
mas sim da mente inepta que o dirige, pois eu realmente não entendo as
posições que surgem neste sistema, são muito caóticas para o meu estilo
temeroso.}) 9. h4 {Muito menos comum que 9.Cf3, mas como foi jogado por
Firouzja em uma partida clássica recentemente, imagino que Ju sabia disso.} (
9. Nf3 {é a abordagem normal.}) 9... Qc7 {Uma das várias possibilidades
promissoras para as Negras.} (9... h6 {é considerada uma das melhores
opções das Negras.} 10. Qh5 Qf6 11. Ne4 Qe6 12. b3 {em Firouzja-Caruana,
Sinquefield Cup Saint Louis 2023. Essa partida terminou com uma vitória
espetacular de Caruana depois de muitas reviravoltas.}) (9... Be7 10. Qf3 f5
11. Bxf5 Rf8 12. Qh5+ g6 13. Bxg6+ hxg6 14. Qxg6+ Kd7 15. d3 {Com completo
caos. Minha mão treme até mesmo percorrendo essas variantes com o
mouse—imagine se eu estivesse jogando.}) 10. b3 {Um novo lance que foi
jogado rapidamente pelas Brancas.} (10. Nc3 {geralmente é jogado. A seguinte
linha de empate ilustra as possibilidades para ambos os lados.} h6 11. Nxd5
cxd5 12. Qh5 Bc5 $1 {[%c_effect c5;square;c5;type;GreatFind;persistent;true]}
13. b4 {Necessário para desviar o bispo do ataque em f2.} Bxb4 14. Nxf7 O-O
15. Nxe5 Rf5 $1 {[%c_effect f5;square;f5;type;GreatFind;persistent;true]} 16.
Qe8+ Rf8 17. Qh5 {com um empate por repetição. Comentaristas adoram linhas
de empate aleatórias, mas esta foi realmente jogada em algumas partidas por
correspondência.}) 10... h6 {Remover o cavalo de sua posição perigosa em g5
é a opção mais natural.} 11. Ne4 (11. Qh5 $4 {[%c_effect h5;square;h5;type;
Blunder;persistent;true] não funciona agora que o peão de f7 está protegido.
} Nf4) 11... f5 {As Negras continuam perseguindo o cavalo. Existem outras
opções interessantes.} (11... Be7 {continua o desenvolvimento e é
perfeitamente jogável.}) (11... Nf4 {também é interessante:} 12. Bf1 Be7 13.
g3 Ne6 14. d3 O-O 15. g4 $1 {[%c_effect g4;square;g4;type;GreatFind;persistent;
true] Um lance difícil e necessário para preservar o cavalo em e4. A
posição é difícil de entender e jogar. Minha única convicção é que as
Negras têm uma boa compensação pelo peão.}) 12. Nec3 Nf6 (12... Nf4 $1 {
[%c_effect f4;square;f4;type;GreatFind;persistent;true] é mais preciso:} 13.
Bf1 Bb7 14. g3 c5 $1 {[%c_effect c5;square;c5;type;GreatFind;persistent;true]
Atacando a torre em h1.} 15. Rg1 Ne6 16. Qh5+ Qf7 17. Qxf7+ Kxf7 {Apesar da
troca de damas, a compensação das Negras pelo peão continua excelente.}) 13.
Bb2 (13. Ba3 $2 {[%c_effect a3;square;a3;type;Mistake;persistent;true] tem uma
boa ideia por trás—trocar peças enquanto está com um peão a mais, mas é
muito lento:} e4 14. Be2 Bxa3 15. Nxa3 O-O {com excelente compensação para
as Negras.}) (13. Be2 $1 {[%c_effect e2;square;e2;type;GreatFind;persistent;
true] é o melhor lance, antecipando o ataque com o bispo com e5-e4 e
preparando um xeque em h5.} Kf7 (13... Bd6 $6 {[%c_effect d6;square;d6;type;
Inaccuracy;persistent;true]} 14. Bh5+ {e o rei negro está numa situação um
tanto desconfortável.}) (13... g6 14. Bb2 {com chances de vantagem para as
Brancas.} (14. d4 $5 {[%c_effect d4;square;d4;type;Interesting;persistent;true]
também é possível.})) 14. Bb2 {Esta é uma versão melhorada para as
Brancas em comparação com a posição da partida.}) 13... Bd6 {
Praggnanandhaa disse que sentiu que este lance foi impreciso. Ele não disse
qual lance considerou melhor, mas talvez 13...Bb4 seja interessante.} (13...
Bb4 $5 {[%c_effect b4;square;b4;type;Interesting;persistent;true] A ideia é
que se 14.a3, então as Brancas perdem a casa para seu cavalo, enquanto 14.Ca3
não funciona nesta posição.} 14. a3 (14. Na3 $2 {[%c_effect a3;square;a3;
type;Mistake;persistent;true]} e4 15. Qe2 $2 {[%c_effect e2;square;e2;type;
Mistake;persistent;true]} Qe7 $1 {[%c_effect e7;square;e7;type;GreatFind;
persistent;true] Com o bispo em b4, isso ataca tanto o bispo em d3 quanto o
cavalo em a3: as Negras ganham uma peça.}) 14... Bd6 15. b4 Nb7 16. Bc4 {
com jogo de dois gumes.}) 14. Na3 e4 15. Qe2 O-O (15... Qe7 16. Nc4 $1 {
[%c_effect c4;square;c4;type;GreatFind;persistent;true] Essa é a questão.})
16. Ba6 $1 {[%c_effect a6;square;a6;type;GreatFind;persistent;true] Os
últimos lances de ambos os lados foram muito lógicos, completando o
desenvolvimento e removendo uma peça de uma posição atacada. Agora vem um
erro.} Be6 $2 {[%c_effect e6;square;e6;type;Mistake;persistent;true] Após
este lance, as Negras não encontram mais compensação.} (16... Bxa6 17. Qxa6
Ng4 $1 {[%c_effect g4;square;g4;type;GreatFind;persistent;true] Esta
sequência era necessária. Agora, as Brancas não podem completar o
desenvolvimento devido à pressão sobre o peão de f2. A ideia principal do
jogo das Negras é que se as Brancas defendem este peão com a torre em f1,
então o cavalo vai para h2 e depois volta para g4, com uma oferta de empate.}
18. Nc4 (18. Rf1 Nh2 19. Rh1 Ng4 {Isso ilustra com uma variante o que acabei
de descrever em palavras.}) 18... Nxc4 19. Qxc4+ Kh7 20. Rf1 Nh2 $1 {
[%c_effect h2;square;h2;type;GreatFind;persistent;true]} 21. Rh1 Ng4 {As
Brancas não têm nada melhor do que aceitar uma repetição de lance, caso
contrário as Negras têm uma iniciativa perigosa.}) 17. Nc4 {É uma pena
trocar o notoriamente fraco cavalo em a5, mas, encaremos a realidade, o cavalo
branco em a3 também não era tão bom. Além disso, a troca de peças
favorece o jogador com vantagem material.} Bb4 (17... Nxc4 18. Bxc4 {é muito
confortável para as Brancas.}) 18. O-O-O Nb7 $6 {[%c_effect b7;square;b7;type;
Inaccuracy;persistent;true] Uma tentativa de melhorar o cavalo, mas isso piora
ainda mais as coisas.} (18... Rae8 {é melhor.}) 19. Bxb7 {As Brancas têm
várias opções, mas sua escolha é boa.} Qxb7 20. f3 $1 {[%c_effect f3;
square;f3;type;GreatFind;persistent;true]} Rae8 (20... Nh5 {prepara um ataque
duplo em g3, mas as Brancas podem simplesmente jogar} 21. Rhe1 {com uma grande
vantagem.}) 21. Ne5 (21. a3 {também é uma boa opção, e talvez até mais
precisa, mas o lance escolhido funciona muito bem na partida.}) 21... c5 (21...
Nh5 $1 {[%c_effect h5;square;h5;type;GreatFind;persistent;true] é uma
tentativa melhor, embora as Brancas ainda estejam claramente melhor depois de}
22. Qf2) (21... Bxb3 $2 {[%c_effect b3;square;b3;type;Mistake;persistent;true]
É importante mencionar que este lance tático não funciona:} 22. axb3 Rxe5
23. Nxe4 $1 {[%c_effect e4;square;e4;type;GreatFind;persistent;true]} fxe4 24.
Bxe5 {com uma vitória.}) 22. Rhe1 exf3 (22... Bxb3 {perde de novo:} 23. axb3
Rxe5 24. Nxe4) (22... Kh7 {é uma sugestão do computador, mas não faz muito
sentido para a mente humana. A ideia é} 23. fxe4 Bxb3 24. axb3 Rxe5 {Mesmo
aqui, as Brancas têm vários bons lances para obter uma vantagem avassaladora.
Editado: após escrever estas palavras, assisti à entrevista pós-jogo de
Praggnanandhaa e ele mencionou exatamente essa linha, então talvez eu devesse
dizer que a variante não faz sentido para minha mente, mas faz para alguém
que calcula tão bem quanto o prodígio indiano.}) 23. gxf3 Nh5 24. Rg1 {
As Brancas têm muitos lances bons. Praggnanandhaa decide usar a coluna g.} c4
{Isto perde outro peão, mas suspeito que as Negras não tinham muita
esperança de salvar a partida neste momento.} 25. Nxc4 Qe7 26. a3 Bxc3 27.
Bxc3 Qxh4 28. Qe5 $1 {[%c_effect e5;square;e5;type;GreatFind;persistent;true]
A pressão em g7 decide a partida.} Qe7 29. Rde1 Qd7 30. Nd6 Re7 31. Qh2 $1 {
[%c_effect h2;square;h2;type;GreatFind;persistent;true] Uma solução elegante.
} Nf6 32. Qxh6 Qxd6 33. Bxf6 {O jovem GM indiano tem demonstrado um progresso
notável ao longo do último ano. Em minha opinião, ele entra no Torneio de
Candidatos como um dos favoritos. Precisão CHESS.COM: Brancas 93.2% Pretas 83.
7%} 1-0